000 00786nam a22002535a 4500
005 20161116112522.0
008 161114s2014 nyua frb 001 0 eng d
020 _a9780521764513
040 _aEG-ScBUE
_beng
_cEG-ScBUE
082 0 4 _a006.7
_bFRI
_222
100 1 _aFriedland, Gerald.
245 1 0 _aMultimedia computing /
_cGerald Friedl, Ramesh Jain.
260 _aNew York :
_bCambridge University Press,
_c2014.
300 _axiii, 330 p. :
_bill. ;
_c26 cm.
500 _aIndex : p. 317-330.
504 _aIncludes bibliographical references.
590 _aSuzan Ashmawy ; revised by Fouad.
650 7 _aMultimedia systems.
_2BUEsh
650 7 _aComputer Graphics.
_2BUEsh
651 _2BUEsh
653 _bCOMSCI
_cNovember2016
700 1 _aJain, Ramesh.
942 _2ddc
999 _c23107
_d23079